000 00304nam a22001337a 4500
008 170602b xxu||||| |||| 00| 0 eng d
020 _a0915707616
041 _aeng
080 _a94)7/8)
100 _a17
101 _aSHH
245 _aAMERICAN RENEWABLE RESOURCES
_cFREDERICK,K,D
942 _2udc
_cBK
999 _c15800
_d15800